Biggest Cities in Gujarat - Statistics

General Stats
  • This quiz has been taken 134 times
  • The average score is 6 of 10
Answer Stats
Population City % Correct
6,357,693 Ahmedabad
98%
6,191,246 Surat
94%
2,400,000 Rajkot
83%
3,522,221 Vadodara
83%
418,000 Jamnagar
67%
643,365 Bhavnagar
62%
319,462 Junagadh
55%
282,791 Navsari
42%
325,132 Nadiad
30%
251,859 Morvi
8%
No matching quizzes found
Score Distribution
Percent of People with Each Score
Percentile by Number Answered
Your Score History
You have not taken this quiz